Sports Quiz

Random Sports or NBA Quiz

Most Points in an NBA Playoff Series Quiz Stats

 Plays Quiz Updated Feb 26, 2015

Support Sporcle.
Go Orange.
Score 0/77 Timer 04:00
2 Plays Today
Points NBA Player % Correct
241LeBron James
98.1%
215LeBron James
98%
208LeBron James
98%
235LeBron James
98%
246Michael Jordan
97.9%
225Michael Jordan
97.9%
222Michael Jordan
97.9%
226Michael Jordan
97.9%
215Michael Jordan
97.9%
219Michael Jordan
97.9%
215Michael Jordan
97.9%
201Michael Jordan
97.9%
214Michael Jordan
97.9%
214LeBron James
97.6%
231LeBron James
97.6%
235LeBron James
97.6%
203LeBron James
97.5%
204Kobe Bryant
94.3%
202Kobe Bryant
94.3%
200Kobe Bryant
94.3%
204Kobe Bryant
94.3%
228Shaquille O'Neal
93.2%
212Shaquille O'Neal
93.2%
270Wilt Chamberlain
91.7%
235Wilt Chamberlain
91.7%
211Wilt Chamberlain
91.7%
210Kevin Durant
91.1%
213Kevin Durant
91.1%
210Kevin Durant
91.1%
213Larry Bird
90.5%
209Larry Bird
90.5%
278Jerry West
88%
265Jerry West
88%
219Jerry West
88%
208Jerry West
88%
237Jerry West
88%
242Jerry West
88%
218Jerry West
88%
236Allen Iverson
87.7%
Points NBA Player % Correct
209Allen Iverson
87.7%
202Kareem Abdul-Jabbar
86.1%
228Kareem Abdul-Jabbar
86.1%
260Kareem Abdul-Jabbar
86.1%
208Dwyane Wade
86%
204Dwyane Wade
86%
243Kawhi Leonard
85.4%
209Dirk Nowitzki
85.3%
201James Harden
85.1%
209James Harden
85.1%
226Tim Duncan
83.5%
209Kevin Durant
82.5%
201Hakeem Olajuwon
79.4%
205Hakeem Olajuwon
79.4%
212Hakeem Olajuwon
79.4%
201Karl Malone
72.6%
222Tracy McGrady
69.8%
215Tracy McGrady
69.8%
200Elgin Baylor
65.1%
221Elgin Baylor
65.1%
284Elgin Baylor
65.1%
218Elgin Baylor
65.1%
260Elgin Baylor
65.1%
236Elgin Baylor
65.1%
234Oscar Robertson
62.3%
219Dominique Wilkins
60%
204Gilbert Arenas
59.6%
206Bob Pettit
50.6%
211Bob Pettit
50.6%
201Bob Pettit
50.6%
217George Gervin
49.1%
245Rick Barry
45.9%
204Sam Jones
42.2%
204Bernard King
42.1%
213Bernard King
42.1%
262Bob McAdoo
41.8%
216Elton Brand
38%
211Gail Goodrich
24.8%

You're not logged in!

Compare scores with friends on all Sporcle quizzes.
OR
Log In

From the Vault

Old Woman Who Swallowed a Fly

by jdfulp

A cautionary tale for watching what you eat.
Remove Ads.
Support Sporcle.
Get the best of Sporcle when you Go Orange. This ad-free experience offers more features, more stats, and more fun while also helping to support Sporcle. Thank you for becoming a member.

Show Comments

Extras

Top Quizzes Today


Score Distribution

Your Account Isn't Verified!

In order to create a playlist on Sporcle, you need to verify the email address you used during registration. Go to your Sporcle Settings to finish the process.

Report this User

Report this user for behavior that violates our Community Guidelines.

Details: